|
|
|
|
| LEADER |
00909cam a2200241 7i4500 |
| 001 |
0000017917 |
| 005 |
20200605090000.0 |
| 020 |
|
|
|a 081631716X
|
| 090 |
0 |
0 |
|a RC81
|b .H37 1999
|
| 100 |
1 |
|
|a Hardinge, Mervyn G
|
| 245 |
1 |
0 |
|a Family medical guide to health & fitness
|c Mervyn G. Hardinge, Harold Shryock.
|
| 260 |
|
|
|a Canada:
|b Pacific Press Pub. Assoc.,
|c 1999.
|
| 300 |
|
|
|a 3 v.:
|b col. ill.;
|c 25 cm.
|
| 500 |
|
|
|a In three illustrated volumes
|
| 500 |
|
|
|a Includes index
|
| 505 |
0 |
|
|a v. 1. Lifestyle -- v. 2. Family health and general diseases -- v. 3. The systems of the body and their disorders
|
| 650 |
0 |
0 |
|a Medicine, Popular
|
| 650 |
0 |
0 |
|a Health
|
| 700 |
1 |
|
|a Shryock, Harold
|
| 997 |
|
|
|a Health Sciences, Faculty
|
| 999 |
|
|
|a 0000017206
|b BOK
|c REFERENCE
|e 2nd Floor, Shah Alam
|
| 999 |
|
|
|a 0000017214
|b BOK
|c REFERENCE
|e 2nd Floor, Shah Alam
|
| 999 |
|
|
|a 0000017218
|b BOK
|c REFERENCE
|e 2nd Floor, Shah Alam
|